Statistics for States With Only One L

Click here to take the quiz!

General Stats

  • This quiz has been taken 37 times
  • The average score is 12 of 13

Answer Stats

States% Correct
Alabama
100%
Alaska
97%
Delaware
97%
Louisiana
97%
Florida
93%
Maryland
93%
North Carolina
93%
Rhode Island
93%
South Carolina
93%
California
90%
Oklahoma
90%
Pennsylvania
90%
Colorado
87%

Score Distribution

Percentile by Number Answered

Percent of People with Each Score

Your Score History

You have not taken this quiz